Normal view
MARC view
Entry Término temático
001 - NÚMERO DE CONTROL
- campo de control: 33241
003 - IDENTIFICADOR DEL NÚMERO DE CONTROL
- campo de control: OSt
005 - FECHA Y HORA DE LA ÚLTIMA TRANSACCIÓN
- campo de control: 20200615033400.0
008 - DATOS DE LONGITUD FIJA
- campo de control de longitud fija: 200615|| aca||aabn | a|a d
040 ## - FUENTE DE LA CATALOGACIÓN
- Centro catalogador/agencia de origen: OSt
- Centro/agencia transcriptor: OSt
150 ## - ENCABEZAMIENTO--TÉRMINO DE MATERIA
- Término de materia o nombre geográfico como elemento de entrada: FOLKLORE
- Subdivisión geográfica: ESPAÑA
- Subdivisión general: CONGRESOS
670 ## - FUENTE DE DATOS ENCONTRADOS
- Cita de la fuente: Work cat.: (OSt)14257: Congreso de Aragon de Etnología y Antropología (1er. : 1979 : Tarazona de Aragon, Spain, etc.) 33238, I Congreso de Aragon de Etnologia y Antropologia :, [1981?].
